La mujer española ante la República (Record no. 100064)
[ view plain ]
| 000 -LEADER | |
|---|---|
| campo de control de longitud fija | 00769nam a2200193 i 4500 |
| 001 - NÚMERO DE CONTROL | |
| campo de control | 100064 |
| 003 - IDENTIFICADOR DE NÚMERO DE CONTROL | |
| campo de control | ES-MaACL |
| 005 - FECHA Y HORA DE LA ÚLTIMA TRANSACCIÓN | |
| campo de control | 20250901043508.0 |
| 008 - DATOS DE LONGITUD FIJA--INFORMACIÓN GENERAL | |
| campo de control de longitud fija | 050921s1931 sp |||| | spa d |
| 100 1# - ENTRADA PRINCIPAL--NOMBRE DE PERSONA | |
| Nombre de persona | Martínez Sierra, María, |
| Fechas asociadas al nombre | 1874-1974 |
| 9 (RLIN) | 78430 |
| 245 13 - MENCIÓN DEL TÍTULO | |
| Título | La mujer española ante la República |
| Resto del título | : conferencias leídas en el Ateneo de Madrid, en los días 4, 9, 11, 15 y 18 de mayo de 1931 / |
| Mención de responsabilidad, etc. | María Martínez Sierra. |
| 260 ## - PUBLICACIÓN, DISTRIBUCIÓN, ETC. | |
| Lugar de publicación, distribución, etc. | Madrid : |
| Nombre del editor, distribuidor, etc. | [s.n.], |
| Fecha de publicación, distribución, etc. | 1931 ( |
| Fabricante | Tip. Artística) |
| 300 ## - DESCRIPCIÓN FÍSICA | |
| Extensión | 186 p. ; |
| Dimensiones | 20 cm. |
| 610 24 - PUNTO DE ACCESO ADICIONAL DE MATERIA--NOMBRE DE ENTIDAD CORPORATIVA | |
| Nombre de entidad corporativa o nombre de jurisdicción como elemento de entrada | Ateneo de Madrid- |
| Subdivisión de forma | Conferencias- |
| Subdivisión cronológica | 1900-1939 |
| 9 (RLIN) | 1907 |
| 650 ## - PUNTO DE ACCESO ADICIONAL DE MATERIA--TÉRMINO DE MATERIA | |
| Término de materia o nombre geográfico como elemento de entrada | Mujeres- |
| Subdivisión geográfica | España- |
| Subdivisión general | Situación social- |
| Subdivisión cronológica | 1931-1939. |
| 9 (RLIN) | 167784 |
| 650 04 - PUNTO DE ACCESO ADICIONAL DE MATERIA--TÉRMINO DE MATERIA | |
| Término de materia o nombre geográfico como elemento de entrada | Mujeres- |
| Subdivisión general | Derechos- |
| Subdivisión geográfica | España |
| 9 (RLIN) | 15265 |
| 852 ## - LOCALIZACIÓN | |
| Ubicación | ES-MaACL |
| Número de control de estantería | B-12350 |
| Estatus retirado | Estado de pérdida | Estado de daño | No para préstamo | Colección | Biblioteca de origen | Biblioteca actual | Ubicación en estantería | Fecha de adquisición | Fuente de adquisición | Total de préstamos | Signatura topográfica completa | Código de barras | Visto por última vez | Precio de reemplazo | Tipo de ítem Koha |
|---|---|---|---|---|---|---|---|---|---|---|---|---|---|---|---|
| Fondo Ateneo de Madrid | Biblioteca del Ateneo de Madrid | Biblioteca del Ateneo de Madrid | Sala Pardo Bazán | 17/01/2008 | B-12350 | 1104483 | 23/02/2023 | 23/02/2023 | Libro impreso |
